000 00889nam a2200217 i 4500
001 155177
003 ES-MaACL
005 20251015145632.0
008 950419s1869 sp |||| | spa d
040 _aEUS
_bspa
_cEUS
080 _a272(46)
100 1 _aHefele, Karl Joseph von,
_d1809-1893
_962309
245 1 3 _aEl cardenal Jiménez de Cisneros y la iglesia española a fines del siglo XV y principios del XVI para la ilustrar la historia crítica de la Inquisición /
_cpor CH.J. Hefele.
260 _aBarcelona :
_b[s.n.],
_c1869 (
_fImprenta del Diario de Barcelona)
300 _a382 p. ;
_c21 cm.
600 1 4 _aJiménez de Cisneros, Francisco,
_d1436-1517
_966495
650 4 _aInquisición-
_zEspaña-
_vHistoria.
_913799
651 _aEspaña-
_xHistoria-
_y1474-1516, Reyes Católicos.
_98222
852 _aES-MaACL
_jF-4033
_z-- Enc. hol.
999 _c155177
_d155177